书目信息 |
| 题名: |
法国革命论
|
|
| 作者: | 英柏克 ;何兆武 | |
| 分册: | ||
| 出版信息: | 北京 商务印书馆 |
|
| 页数: | 319页 | |
| 开本: | 20cm | |
| 丛书名: | ||
| 单 册: | ||
| 中图分类: | D73/77 | |
| 科图分类: | ||
| 主题词: | 政治--中国 | |
| 电子资源: | ||
| ISBN: | 7-100-03249-0 | |
| 000 | 00548nam0 2200193 450 | |
| 001 | 0728815141 | |
| 005 | 20070819080015.14 | |
| 010 | @a7-100-03249-0@d¥17.00 | |
| 100 | @a20070819d km y0chiy0120 ea | |
| 101 | 0 | @achi |
| 200 | 1 | @a法国革命论@Afa guo ge ming lun@f[英]柏克@F[ying]bai ke@g何兆武等@Ghe zhao wu deng |
| 210 | @a北京@c商务印书馆 | |
| 215 | @a319页@d20cm | |
| 606 | 0 | @a政治@y中国 |
| 690 | @aD73/77@v3 | |
| 701 | 0 | @a英柏克@Aying bai ke |
| 702 | 0 | @a何兆武@Ahe zhao wu |
| 801 | 0 | @aCN@bPFT@c20070819 |
| 905 | @a213230@dD73/77@eZW47@f1 | |
| 法国革命论/[英]柏克/何兆武等.-北京:商务印书馆 |
| 319页;20cm |
| ISBN 7-100-03249-0:¥17.00 |
| ● |
| 相关链接 |
|
|
|
|
正题名:法国革命论
索取号:D73/77/ZW47
 
预约/预借
| 序号 | 登录号 | 条形码 | 馆藏地/架位号 | 状态 | 备注 |
| 1 | 7601415 | 276014153 | 中文系资料室/ [索取号:D73/77/ZW47] | 在馆 |